Vista normal
Vista MARC
Entrada Personal Name
Número de registros utilizados en: 2
001 - CONTROL NUMBER
- control field: 5912
003 - CONTROL NUMBER IDENTIFIER
- control field: OSt
005 - DATE AND TIME OF LATEST TRANSACTION
- control field: 20180716124250.0
008 - FIXED-LENGTH DATA ELEMENTS
- fixed length control field: 171005 a|ac|n|aab||||||||||||a |n|||||||
010 ## - LIBRARY OF CONGRESS CONTROL NUMBER
- LC control number: 81107879
040 ## - CATALOGING SOURCE
- Original cataloging agency: DLC
- Language of cataloging: spa
- Description conventions: rda
- Transcribing agency: Mx-PuUPA
- Modifying agency: DLC
046 ## - SPECIAL CODED DATES
- Birth date: 18921114
- Death date: 19850313
100 1# - HEADING--PERSONAL NAME
- Personal name: Silva Herzog, Jesús,
- Dates associated with a name: 1892-1985
370 ## - ASSOCIATED PLACE
- Place of birth: San Luis Potosí (Mexico)
- Source of term: naf
373 ## - ASSOCIATED GROUP
- Associated group: Escuela Nacional de Economía (Mexico)
- Source of term: naf
374 ## - OCCUPATION
- Occupation: Historiador
- Occupation: profesor universitario
- Source of term: lcsh
400 1# - SEE FROM TRACING--PERSONAL NAME
- Personal name: Silva Herzog, Jesús,
- Dates associated with a name: 1893-
400 1# - SEE FROM TRACING--PERSONAL NAME
- Personal name: Herzog, Jesús Silva,
- Dates associated with a name: 1892-1985
670 ## - SOURCE DATA FOUND
- Source citation: His Aspectos económicos de la Unión Soviética, 1930.
670 ## - SOURCE DATA FOUND
- Source citation: Encic. de México
- Information found: (Silva Herzog, Jesús b. San Luis Potosí 1892)
670 ## - SOURCE DATA FOUND
- Source citation: Biblioteca del congreso (Estados Unidos), 05 octubre 2017:
- Information found: catálogo electrónico
- Uniform Resource Identifier: https://goo.gl/vFXCZx